Statistics for Name That TNA / Impact Wrestling Stable

Click here to take the quiz!

General Stats

  • This quiz has been taken 100 times
  • The average score is 7 of 12

Answer Stats

WrestlersGroup Name% Correct
Kurt Angle, Sting, Scott Steiner, Booker T, Kevin Nash etc.The Main Event Mafia
95%
Sami Callihan, Jake & Dave Crist, Madman FultonoVe
79%
Abyss, Rosemary & Crazzy SteveDecay
70%
Mick Foley, Rhino, Rob Van Dam, Stevie Richards, Sabu, etc.EV 2.0
65%
Robbie E, Jessie Godderz and DJZThe BroMans
62%
Kevin Nash, Scott Hall, Eric Young & Syxx-PacThe Band
61%
Christopher Daniels, Low Ki & Elix SkipperTriple X
59%
Bully Ray, Devon, Mr. Anderson, Knux, DOC, Garett Bischoff, etc.The Aces & Eights
58%
James Storm, Bram & KingstonThe DCC
56%
Eric Young, Kiyoshi, Sheik Abdul Bashir, Magnus, Rob Terry etc.World Elite
50%
Christian Cage, AJ Styles & TomkoChristian's Coalition
35%
Raven, Kaz, Havok and MartyrSerotonin
35%

Score Distribution

Percentile by Number Answered

Percent of People with Each Score

Your Score History

You have not taken this quiz